[Event "Fouesnant op 14th"]
[Site "Fouesnant"]
[Date "2008.11.01"]
[Round "9"]
[White "Le Duigou, Claude"]
[Black "Louchouarn, Renan"]
[Result "0-1"]
[WhiteElo "1300"]
[BlackElo "1280"]
[PlyCount "68"]
[EventDate "2008.10.25"]
[EventType "swiss"]
[EventRounds "9"]
[EventCountry "FRA"]
[SourceTitle "EXT 2009"]
[Source "ChessBase"]
[SourceDate "2008.11.26"]
[SourceVersion "1"]
[SourceVersionDate "2008.11.26"]
[SourceQuality "1"]

1. d4 d5 2. Nf3 Nc6 3. Nc3 Nf6 4. e3 a6 5. Ne5 Nxe5 6. dxe5 Ng4 7. f4 c6 8. Bd3 Nh6 9. h3 e6 10. Qe2 Bc5 11. Bd2 Nf5 12. Bxf5 exf5 13. h4 Qe7 14. g3 b5 15. a3 d4 16. Nd1 Be6 17. Rh3 Bc4 18. Qg2 Rc8 19. g4 Bd5 20. Qg3 fxg4 21. Qxg4 0-0 22. e4 Bxe4 23. f5 Qxe5 24. Kf1 Bxf5 25. Qg3 Bxh3+ 26. Qxh3 Rce8 27. Nf2 Qe2+ 28. Kg2 Qxd2 29. Rf1 Qxc2 30. b4 Bd6 31. h5 Re2 32. Rg1 Rxf2+ 33. Kh1 Qe4+ 34. Qg2 Qh4+ 0-1

[Event "Fouesnant op 13th"]
[Site "Fouesnant"]
[Date "2007.11.01"]
[Round "7"]
[White "Le Duigou, Claude"]
[Black "Pawelski Drezen, Maxime"]
[Result "1-0"]
[WhiteElo "1240"]
[BlackElo "1380"]
[PlyCount "71"]
[EventDate "2007.10.27"]
[EventType "swiss"]
[EventRounds "9"]
[EventCountry "FRA"]
[SourceTitle "EXT 2008"]
[Source "ChessBase"]
[SourceDate "2007.11.25"]
[SourceVersion "1"]
[SourceVersionDate "2007.11.25"]
[SourceQuality "1"]

1. d4 d5 2. Nf3 Bg4 3. Nc3 Nf6 4. Bg5 Nc6 5. Qd2 e6 6. e3 Bb4 7. Be2 0-0 8. Bd3 Bf5 9. 0-0-0 Re8 10. Bb5 a6 11. Ba4 b5 12. Bb3 Na5 13. a3 Nxb3+ 14. cxb3 Ba5 15. b4 Bxb4 16. axb4 a5 17. g4 Bxg4 18. Qe2 c6 19. Rhg1 Bf5 20. Ne5 axb4 21. e4 dxe4 22. Bxf6 Qxf6 23. Nxe4 Qh4 24. f3 Qf4+ 25. Qd2 Qxd2+ 26. Kxd2 Rac8 27. Nf6+ Kf8 28. Nxe8 Rxe8 29. Nxc6 f6 30. Ra1 e5 31. Ra7 e4 32. Rgxg7 Be6 33. Rxh7 Rc8 34. Rh8+ Bg8 35. Ne7 Re8 36. Ng6# 1-0

[Event "Hennebont Grand Prix"]
[Site "Hennebont"]
[Date "2006.08.06"]
[Round "7"]
[White "Le Duigou, Claude"]
[Black "Damour, Wilhem"]
[Result "1-0"]
[WhiteElo "1499"]
[BlackElo "1499"]
[PlyCount "55"]
[EventDate "2006.08.05"]
[EventType "swiss"]
[EventRounds "7"]
[EventCountry "FRA"]
[SourceTitle "EXT 2007"]
[Source "ChessBase"]
[SourceDate "2006.11.23"]
[SourceVersion "1"]
[SourceVersionDate "2006.11.23"]
[SourceQuality "1"]

1. d4 Nf6 2. Nf3 e6 3. Nc3 d5 4. Ne5 c5 5. e3 a6 6. Bd3 c4 7. Be2 Bb4 8. Bd2 0-0 9. Bf3 Bxc3 10. Bxc3 b5 11. Qe2 Bb7 12. g4 Nc6 13. g5 Nd7 14. h4 f6 15. gxf6 Rxf6 16. Rg1 Ndxe5 17. dxe5 Rh6 18. h5 b4 19. Bd4 Qe8 20. 0-0-0 g6 21. Bg4 gxh5 22. Bxh5+ Rg6 23. Bxg6 hxg6 24. Qh5 Ne7 25. Bc5 Nf5 26. Rxg6+ Ng7 27. Rdg1 Qd7 28. Rh6 1-0

[Event "Hennebont Grand Prix"]
[Site "Hennebont"]
[Date "2006.08.05"]
[Round "3"]
[White "Le Duigou, Claude"]
[Black "Forlot, Dominique"]
[Result "0-1"]
[WhiteElo "1499"]
[BlackElo "1300"]
[PlyCount "78"]
[EventDate "2006.08.05"]
[EventType "swiss"]
[EventRounds "7"]
[EventCountry "FRA"]
[SourceTitle "EXT 2007"]
[Source "ChessBase"]
[SourceDate "2006.11.23"]
[SourceVersion "1"]
[SourceVersionDate "2006.11.23"]
[SourceQuality "1"]

1. d4 Nf6 2. Nc3 d5 3. Nf3 Bg4 4. h3 Bh5 5. g4 Bg6 6. Ne5 e6 7. Be3 Nbd7 8. Nxd7 Qxd7 9. f3 Bb4 10. Bd2 0-0-0 11. e3 Qe7 12. h4 h5 13. g5 Nd7 14. Bh3 Bf5 15. Qe2 Qd6 16. 0-0-0 Qc6 17. Be1 Nb6 18. Bxf5 exf5 19. a3 Bxc3 20. Bxc3 Nc4 21. Bb4 Rhe8 22. Rd3 f4 23. Bd2 Re6 24. Re1 Rde8 25. Rc3 Qb6 26. Rb3 Qxd4 27. exd4 Rxe2 28. Rxe2 Rxe2 29. Kd1 Rxd2+ 30. Ke1 Rh2 31. Rb4 Rxh4 32. Ke2 Rh2+ 33. Kd3 Ne3 34. Rb5 c6 35. Rc5 Rxc2 36. Rxc2 Nxc2 37. Kxc2 h4 38. b4 h3 39. Kb3 h2 0-1